000 00246nam a22000857a 4500
008 161129b xxu||||| |||| 00| 0 eng d
100 _91568
_aNational Disaster Management
245 _aTogether Towords a safer India class-IX
260 _aNew Delhi
_bNCERT
999 _c4297
_d4297